000 00718cam a2200205 4500500
005 20260329015317.0
041 _afre
042 _adc
100 1 0 _aMalacria, Max
_eauthor
700 1 0 _aGoddard, Jean-Philippe
_eauthor
700 1 0 _aOllivier, Cyril
_eauthor
700 1 0 _aPlaquevent, Jean-Christophe
_eauthor
700 1 0 _aGénisson, Yves
_eauthor
700 1 0 _aGuillen, Frédéric
_eauthor
245 0 0 _aOrganic synthesis reactions in ionic liquids
260 _c2026.
500 _a28
786 0 _nDrugs and pharmaceuticals | - | 2026-03-05 | p. 6-6
856 4 1 _uhttps://stm.cairn.info/drug-production-chemical-and-biotechnological-processes--bdti42610210-k1230-page-6?lang=en&redirect-ssocas=7080
999 _c1896614
_d1896614